000 00455nam a22001697a 4500
003 NUST - PNEC
005 20170116180951.0
008 150908b xxu||||| |||| 00| 0 eng d
020 _a0582089670
040 _cLIBRARY
082 _a621.3815 BOL
100 _94791
_aBolton, W. (William)
245 _aElectrical and electronic measurement and testing
_cW. Bolton
260 _cc 1992
650 _98675
_aElectric measurements
_xEE
942 _2ddc
_cBK
999 _c66416
_d66416